Every Country Shape RANDOM - Statistics

General Stats
  • This quiz has been taken 10 times
  • The average score is 136 of 196
Answer Stats
Picture Answer % Correct
Mexico
100%
Mongolia
100%
Netherlands
100%
Vietnam
100%
Afghanistan
80%
Albania
80%
Algeria
80%
Andorra
80%
Argentina
80%
Australia
80%
Austria
80%
Belarus
80%
Belgium
80%
Benin
80%
Bolivia
80%
Bosnia and Herzegovina
80%
Brazil
80%
Bulgaria
80%
Canada
80%
Chad
80%
Chile
80%
China
80%
Croatia
80%
Cuba
80%
Cyprus
80%
Czech Republic
80%
Denmark
80%
Egypt
80%
Estonia
80%
Ethiopia
80%
Finland
80%
France
80%
Gabon
80%
Germany
80%
Greece
80%
Guyana
80%
Hungary
80%
Iceland
80%
India
80%
Indonesia
80%
Iran
80%
Iraq
80%
Ireland
80%
Israel
80%
Italy
80%
Japan
80%
Jordan
80%
Kosovo
80%
Laos
80%
Latvia
80%
Libya
80%
Liechtenstein
80%
Lithuania
80%
Luxembourg
80%
Madagascar
80%
Mali
80%
Malta
80%
Moldova
80%
Monaco
80%
Montenegro
80%
Morocco
80%
Mozambique
80%
Myanmar
80%
New Zealand
80%
North Macedonia
80%
Norway
80%
Pakistan
80%
Panama
80%
Papua New Guinea
80%
Paraguay
80%
Peru
80%
Philippines
80%
Poland
80%
Portugal
80%
Romania
80%
Russia
80%
San Marino
80%
Saudi Arabia
80%
Senegal
80%
Serbia
80%
Slovakia
80%
Slovenia
80%
Somalia
80%
South Africa
80%
South Sudan
80%
Spain
80%
Sri Lanka
80%
Sudan
80%
Sweden
80%
Syria
80%
Taiwan
80%
Thailand
80%
Tunisia
80%
Turkey
80%
Ukraine
80%
United Kingdom
80%
United States
80%
Venezuela
80%
Yemen
80%
Angola
60%
Armenia
60%
Azerbaijan
60%
Bahamas
60%
Bahrain
60%
Bangladesh
60%
Barbados
60%
Belize
60%
Bhutan
60%
Botswana
60%
Brunei
60%
Burkina Faso
60%
Burundi
60%
Cameroon
60%
Cape Verde
60%
Colombia
60%
Comoros
60%
Costa Rica
60%
Djibouti
60%
Dominica
60%
Dominican Republic
60%
D.R. Congo
60%
East Timor
60%
Ecuador
60%
El Salvador
60%
Equatorial Guinea
60%
Eritrea
60%
Eswatini
60%
F.S. Micronesia
60%
Gambia
60%
Georgia
60%
Ghana
60%
Grenada
60%
Guatemala
60%
Guinea
60%
Guinea-Bissau
60%
Haiti
60%
Honduras
60%
Ivory Coast
60%
Jamaica
60%
Kazakhstan
60%
Kenya
60%
Kiribati
60%
Kuwait
60%
Kyrgyzstan
60%
Lebanon
60%
Lesotho
60%
Liberia
60%
Malawi
60%
Malaysia
60%
Maldives
60%
Mauritania
60%
Mauritius
60%
Namibia
60%
Nauru
60%
Nepal
60%
Nicaragua
60%
Niger
60%
Nigeria
60%
North Korea
60%
Oman
60%
Qatar
60%
Rep. of the Congo
60%
Rwanda
60%
Saint Lucia
60%
Samoa
60%
Sierra Leone
60%
Singapore
60%
Solomon Islands
60%
South Korea
60%
St. Vincent and the Grenadines
60%
Suriname
60%
Switzerland
60%
Tajikistan
60%
Tanzania
60%
Togo
60%
Trinidad and Tobago
60%
Turkmenistan
60%
Tuvalu
60%
Uganda
60%
United Arab Emirates
60%
Uruguay
60%
Uzbekistan
60%
Vanuatu
60%
Vatican City
60%
Zambia
60%
Zimbabwe
60%
Antigua and Barbuda
40%
Cambodia
40%
Central African Republic
40%
Fiji
40%
Marshall Islands
40%
Palau
40%
Saint Kitts and Nevis
40%
São Tomé and Príncipe
40%
Seychelles
40%
Tonga
40%
No matching quizzes found
Score Distribution
Percent of People with Each Score
Percentile by Number Answered
Your Score History
You have not taken this quiz